ბათუმის შოთა რუსთაველის სახელმწიფო უნივერსიტეტის ბიბლიოთეკა

Neural Transplantation Methods / (ბიბ.ჩანაწერი № 61694)

000 -LEADER
fixed length control field 00769nam a22002057a 4500
005 - DATE AND TIME OF LATEST TRANSACTION
control field 20240418094812.0
008 - FIXED-LENGTH DATA ELEMENTS--GENERAL INFORMATION
fixed length control field 240418s2000 enk||||| |||| 00| 0 eng d
020 ## - INTERNATIONAL STANDARD BOOK NUMBER
International Standard Book Number 9780896037939x
041 ## - LANGUAGE CODE
Language code of text/sound track or separate title eng
080 ## - UNIVERSAL DECIMAL CLASSIFICATION NUMBER
Universal Decimal Classification number 616.8 N-50
245 ## - TITLE STATEMENT
Title Neural Transplantation Methods /
Statement of responsibility, etc. Edited Stephen B. Dunnett, Alan A. Boulton, Glen B. Baker.
264 ## - PRODUCTION, PUBLICATION, DISTRIBUTION, MANUFACTURE, AND COPYRIGHT NOTICE
Place of production, publication, distribution, manufacture New Jersey :
Name of producer, publisher, distributor, manufacturer Human Press,
Date of production, publication, distribution, manufacture, or copyright notice 2000.
300 ## - PHYSICAL DESCRIPTION
Extent 556 p.:
Other physical details ill.;
Dimensions 24 cm.
653 ## - INDEX TERM--UNCONTROLLED
keyword ნერვული გადანერგვა
653 ## - INDEX TERM--UNCONTROLLED
keyword მედიცინა
700 ## - ADDED ENTRY--PERSONAL NAME
Personal name Dunnett, Stephen B.
Relator term რედაქტორი
9 (RLIN) 21843
700 ## - ADDED ENTRY--PERSONAL NAME
Personal name Boulton, Alan A.
Relator term რედაქტორი
9 (RLIN) 21844
700 ## - ADDED ENTRY--PERSONAL NAME
Personal name Baker, Glen B.
Relator term რედაქტორი
9 (RLIN) 21845
942 ## - ADDED ENTRY ELEMENTS (KOHA)
Source of classification or shelving scheme
Koha item type წიგნი
ეგზემპლარები
Withdrawn status Lost status Source of classification or shelving scheme Damaged status Not for loan Permanent Location Current Location Shelving location Date acquired Cost, normal purchase price Full call number Barcode Date last seen Copy number Price effective from Koha item type Public note
          ბათუმის შოთა რუსთაველის სახელმწიფო უნივერსიტეტის მთავარი ბიბლიოთეკა ბათუმის შოთა რუსთაველის სახელმწიფო უნივერსიტეტის მთავარი ბიბლიოთეკა წიგნსაცავი 2024-04-18 324.00 616.8 N-50 67854 2024-04-18 67854 2024-04-18 წიგნი 324 ლ.